Food service management, 4th year (Record no. 10309)

MARC details
000 -LEADER
fixed length control field 00673nam a22002177a 4500
003 - CONTROL NUMBER IDENTIFIER
control field OSt
005 - DATE AND TIME OF LATEST TRANSACTION
control field 20260507032953.0
008 - FIXED-LENGTH DATA ELEMENTS--GENERAL INFORMATION
fixed length control field 260507b |||||||| |||| 00| 0 eng d
020 ## - INTERNATIONAL STANDARD BOOK NUMBER
International Standard Book Number 971-06-1618-8
040 ## - CATALOGING SOURCE
Original cataloging agency DWCL-Main Lib
Transcribing agency OC
082 ## - DEWEY DECIMAL CLASSIFICATION NUMBER
Classification number Fil. 642 G121f 1995
100 ## - MAIN ENTRY--PERSONAL NAME
Personal name Gatchalian , Corazon F.
245 ## - TITLE STATEMENT
Title Food service management, 4th year
260 ## - PUBLICATION, DISTRIBUTION, ETC.
Place of publication, distribution, etc. Quezon City :
Name of publisher, distributor, etc. Phoenix,
Date of publication, distribution, etc. c1995.
300 ## - PHYSICAL DESCRIPTION
Extent ix , 165 p. :
Other physical details ill. ;
Dimensions 26 cm.
490 ## - SERIES STATEMENT
Materials specified Phoenix Technology and home economics series.
504 ## - BIBLIOGRAPHY, ETC. NOTE
Bibliography, etc. note Includes bibliographical references and index.
650 ## - SUBJECT ADDED ENTRY--TOPICAL TERM
Topical term or geographic name entry element Food service.
650 ## - SUBJECT ADDED ENTRY--TOPICAL TERM
Topical term or geographic name entry element Meal and table service.
942 ## - ADDED ENTRY ELEMENTS (KOHA)
Source of classification or shelving scheme Dewey Decimal Classification
Koha item type Book-Filipiniana
Call number suffix Fil.
Suppress in OPAC No
952 ## - LOCATION AND ITEM INFORMATION (KOHA)
--
952 ## - LOCATION AND ITEM INFORMATION (KOHA)
--
952 ## - LOCATION AND ITEM INFORMATION (KOHA)
--
Holdings
Withdrawn status Lost status Source of classification or shelving scheme Damaged status Not for loan Home library Current library Shelving location Date acquired Source of acquisition Total Checkouts Full call number Barcode Date last seen Copy number Price effective from Koha item type Uniform Resource Identifier
    Dewey Decimal Classification     Junior High School Library Junior High School Library Filipiniana 06/09/2009 Donation   Fil. 642 G121f 1995 JHS - 15233 05/07/2026 c3 05/07/2026 BK-FIL
    Dewey Decimal Classification     Junior High School Library Junior High School Library Filipiniana 06/09/2009 Donation   Fil. 642 G121f 1995 JHS - 15229 05/07/2026 c2 05/07/2026 BK-FIL
    Dewey Decimal Classification     Junior High School Library Junior High School Library Filipiniana 06/09/2009 Donation   Fil. 642 G121f 1995 JHS - 9413 05/07/2026 c1 05/07/2026 BK-FIL